00224nam a2200085Ia 450000500170000000800410001724500530005826000100011199900170012120250523150954.0250523s9999 xx 000 0 und d 0aEkonomide Kurtuluş SavaşımıcHilal Akgül bALTIN c11909d11909